000 00490nam a2200169 i 4500
001 44178
003 ES-MaACL
005 20230906160955.0
007 t|
008 030320s1970 sp ||||1| spa d
100 1 _aCid Palacios, Rafael.
_938769
245 1 0 _aAstronomía /
_cpor Rafael Cid Palacios.
260 _aZaragoza :
_bUniversidad, Facultad de Ciencias,
_c1970.
300 _a161 p. :
_bil. ;
_c28 cm.
500 _aMaterial en ciclostil.
852 _aES-MaACL
_jC-41021
_bR.75504
999 _c44178
_d44178